[Event "Las Palmas"]
[Site "Las Palmas"]
[Date "1972.??.??"]
[Round "3"]
[White "Bronstein, David I"]
[Black "Gheorghiu, Florin"]
[Result "1-0"]
[WhiteElo "2585"]
[BlackElo "2520"]

1.d4 Nf6 2.c4 g6 3.Nc3 d5 4.Nf3 Bg7 5.e3 O-O 6.Bd2 c6 7.Rc1 Be6 8.cxd5 Nxd5
9.Be2 Nd7 10.O-O N7f6 11.Na4 Ne4 12.Bd3 Nxd2 13.Qxd2 Bg4 14.Ne5 Bxe5 15.dxe5 Qc7
16.h3 Be6 17.f4 Rad8 18.Nc5 Bc8 19.e4 b6 20.Na6 Bxa6 21.Bxa6 Nf6 22.Qe3 Nd7
23.b4 Nb8 24.Bc4 Qd7 25.Kh2 Qd4 26.Qe1 e6 27.Bb3 Na6 28.a3 c5 29.Qe2 Qd3
30.Bc4 Qxe2 31.Bxe2 Nc7 32.bxc5 Rd2 33.cxb6 axb6 34.Rfe1 Rd7 35.Rc6 Ra8 36.Rec1 Ra7
37.Rd6 Re7 38.Rxb6 Rxa3 39.Rb7 Nd5 40.Rb8+  1-0

[Event "Las Palmas"]
[Site "Las Palmas"]
[Date "1972.??.??"]
[Round "7"]
[White "Valcarcel, J."]
[Black "Benko, Pal C"]
[Result "0-1"]
[WhiteElo "2200"]
[BlackElo "2515"]

1.Nf3 Nf6 2.g3 b5 3.Bg2 Bb7 4.O-O e6 5.d3 d6 6.e4 Nbd7 7.b3 Be7 8.Bb2 O-O
9.Nc3 b4 10.Ne2 c5 11.c4 bxc3 12.Nxc3 Rb8 13.Re1 Qa5 14.d4 cxd4 15.Qxd4 Rfc8
16.Rac1 Ne8 17.Qd2 Bf6 18.Na4 Qxd2 19.Nxd2 Bc6 20.Bxf6 Ndxf6 21.Nc3 Nd7 22.Nc4 Nb6
23.Nxb6 axb6 24.a4 Kf8 25.Red1 Ke7 26.Kf1 b5 27.axb5 Bxb5+ 28.Nxb5 Rxc1 29.Rxc1 Rxb5
30.Rc3 Kd8 31.Ke2 Nf6 32.h3 Rb4 33.Kd3 Nd7 34.Kc2 Rb6 35.f3 Ne5 36.f4 Nc6
37.Kd3 Kd7 38.Bf3 Rb4 39.Ke3 Nd4 40.Bd1 Nc6 41.Be2 d5 42.exd5 exd5 43.Rd3 Kd6
44.Bf3 Rb5 45.g4 Nb4 46.Rc3 Rb8 47.Kd2 Ra8 48.h4 Ra2+ 49.Ke3 Rh2 50.h5 Nc2+
51.Kd3 Ne1+ 52.Kd4 f6 53.g5 fxg5 54.fxg5 Rh4+  0-1

[Event "Las Palmas"]
[Site "Las Palmas"]
[Date "1972.??.??"]
[Round "8"]
[White "Smyslov, Vassily"]
[Black "Huguet, Bernard"]
[Result "1-0"]
[WhiteElo "2620"]
[BlackElo "2255"]

1.Nf3 c5 2.b3 d5 3.e3 Nf6 4.Bb2 e6 5.c4 dxc4 6.Bxc4 Be7 7.O-O O-O 8.Ne5 Nbd7
9.f4 Nxe5 10.fxe5 Nd5 11.Nc3 Nxc3 12.Bxc3 Bd7 13.Qe2 Bc6 14.Rf4 Qd7 15.d4 f5
16.exf6 Bxf6 17.Raf1 Rae8 18.Qg4 Kh8 19.dxc5 e5 20.Qxd7 Bxd7 21.R4f2 Bc6
22.b4 a6 23.g4 h6 24.h4 Bxh4  1-0

[Event "Las Palmas"]
[Site "Las Palmas"]
[Date "1972.??.??"]
[Round "8"]
[White "Dominguez Sanz, Juan P"]
[Black "Valcarcel, J."]
[Result "1/2-1/2"]
[WhiteElo "2200"]
[BlackElo "2200"]

1.e4 e5 2.Nf3 Nc6 3.d4 exd4 4.Bc4 Bc5 5.c3 d3 6.b4 Bb6 7.Qb3 Qf6 8.O-O d6
9.a4 a6 10.Bb2 Nge7 11.a5 Ba7 12.Bxd3 O-O 13.c4 Nd4 14.Nxd4 Bxd4 15.Nc3 Be6
16.Kh1 g5 17.Rad1 Ng6 18.Bb1 Be5 19.Nd5 Bxd5 20.Bxe5 Nxe5 21.exd5 Qf4 22.c5 Rfe8
23.f3 Ng6 24.Bxg6 hxg6 25.Rfe1 Qd2 26.Re4 Rxe4 27.fxe4 Qe2 28.cxd6 cxd6 29.Qf3 Qxf3
30.gxf3 Rc8 31.Rb1 Kg7 32.b5 axb5 33.Rxb5 Rc7 34.Rb6 Rd7 35.Kg2 Kf6 36.h4 gxh4
37.f4 g5 38.e5+ Kf5 39.Rxd6 Rc7 40.Rf6+ Kg4 41.fxg5 h3+  1/2-1/2

[Event "Las Palmas"]
[Site "Las Palmas"]
[Date "1972.??.??"]
[Round "9"]
[White "Valcarcel, J."]
[Black "Portisch, Lajos"]
[Result "0-1"]
[WhiteElo "2200"]
[BlackElo "2640"]

1.Nf3 Nf6 2.g3 g6 3.Bg2 Bg7 4.O-O O-O 5.c4 d5 6.cxd5 Nxd5 7.Nc3 Nc6 8.Nxd5 Qxd5
9.d3 Qb5 10.Rb1 a5 11.a4 Qa6 12.Be3 e5 13.Qc1 e4 14.dxe4 Qxe2 15.Rd1 Be6
16.b3 Rfd8 17.Rd2 Rxd2 18.Nxd2 Rd8 19.Bf1 Qh5 20.Qc2 Ne5 21.Bg2 Ng4 22.Nf1 Nxe3
23.Nxe3 c6 24.Nc4 Qc5 25.Qe2 Qb4 26.Rd1 Bd4 27.Qc2 b5 28.axb5 cxb5 29.Nd2 Qc5
30.Qxc5 Bxc5 31.Bf3 a4 32.bxa4 bxa4 33.Rc1 Rxd2 34.Rxc5 a3 35.Ra5 a2 36.Kg2 Rb2  0-1

[Event "Las Palmas"]
[Site "Las Palmas"]
[Date "1972.??.??"]
[Round "10"]
[White "Menvielle Lacourrelle, Augusto"]
[Black "Valcarcel, J."]
[Result "1-0"]
[WhiteElo "2365"]
[BlackElo "2200"]

1.e4 c5 2.Nf3 e6 3.c3 d5 4.e5 Nc6 5.d4 Qb6 6.Be2 Nge7 7.dxc5 Qc7 8.Nd4 Qxe5
9.b4 a6 10.O-O g6 11.Be3 Bg7 12.Qd2 Qc7 13.Bh6 O-O 14.Bxg7 Kxg7 15.f4 b6
16.Nb3 bxc5 17.Nxc5 Nf5 18.Na3 Qb6 19.Nc2 Rd8 20.Bd3 Nd6 21.Qe3 Kg8 22.a4 Ne7
23.a5 Qc7 24.Nd4 Nef5 25.Qd2 Qa7 26.Nc6 Qc7 27.Nxd8 Qxd8 28.Nxa6 Bxa6 29.Bxa6 Qc7
30.Bd3 Qxc3 31.Bxf5 Nxf5 32.Rab1 Rc8 33.a6 Nd4 34.Qb2 Qe3+ 35.Kh1 Rc2 36.a7 Rc8
37.Qc1 Qxc1 38.Rfxc1 Ra8 39.Rc7 Nb5 40.Rb7 Nxa7 41.Ra1  1-0

[Event "Las Palmas"]
[Site "Las Palmas"]
[Date "1972.??.??"]
[Round "11"]
[White "Smyslov, Vassily"]
[Black "Visier Segovia, Fernando"]
[Result "1-0"]
[WhiteElo "2620"]
[BlackElo "2365"]

1.c4 e5 2.Nf3 Nf6 3.Nc3 Nc6 4.e3 g6 5.d4 d6 6.b4 Bg7 7.b5 exd4 8.exd4 Ne7
9.Be2 O-O 10.O-O a6 11.bxa6 b6 12.a4 Bxa6 13.Qb3 Nc6 14.Rd1 Na5 15.Qa2 d5
16.cxd5 Bxe2 17.Nxe2 Nxd5 18.Bd2 Qd6 19.Rac1 Rfe8 20.Ng3 Nb7 21.h3 Qd7 22.Ra1 c6
23.Qb3 Nd6 24.Rac1 Ne4 25.Nxe4 Rxe4 26.Qc2 Re6 27.Ne5 Bxe5 28.dxe5 Rxe5 29.Qxc6 Qxc6
30.Rxc6 Rxa4 31.Bh6 Ra8 32.Rd6 Rh5 33.Bc1 Ne7 34.Bb2 Re8 35.Rd8 Kf8 36.Bg7+ Kxg7
37.Rxe8 Ng8 38.Rb1 b5 39.Rb8 Nf6 40.R8xb5 Rxb5 41.Rxb5 h5 42.Kf1 Ne4 43.Ra5 Nf6
44.Ke2 Nh7 45.Ke3 Nf6 46.Kd4 Ng8 47.Ke5 Nh6 48.Kd6 Kf8 49.Kd7 Kg8 50.Ke8 Kg7
51.Ra7 Kg8 52.Rd7 Kg7 53.f3 h4 54.Ra7 Kg8 55.Ke7 Kg7 56.Kd6 Kf6 57.Ra4 Nf5+
58.Kd5 Kg5 59.Ke5 f6+ 60.Ke6 Ng7+ 61.Kf7 Nh5 62.Rg4+  1-0

[Event "Las Palmas"]
[Site "Las Palmas"]
[Date "1972.??.??"]
[Round "11"]
[White "Valcarcel, J."]
[Black "Pomar Salamanca, Arturo"]
[Result "0-1"]
[WhiteElo "2200"]
[BlackElo "2460"]

1.d4 d5 2.c4 c6 3.cxd5 cxd5 4.Nf3 Nf6 5.Nc3 Nc6 6.Bf4 Bf5 7.e3 e6 8.Bb5 Nd7
9.O-O Be7 10.Ne5 Ncxe5 11.Bxe5 O-O 12.Bg3 a6 13.Bd3 Bxd3 14.Qxd3 Qb6 15.Qe2 Rac8
16.Rfc1 Bb4 17.Rc2 Bxc3 18.Rxc3 Rxc3 19.bxc3 Rc8 20.Rc1 Rc4 21.f3 Qc6 22.Be1 Nb6
23.Bd2 Na4 24.Qe1 f5 25.h3 b5 26.Kf1 Nb6 27.Ra1 h6 28.Kg1 Kh7 29.Kf1 Ra4
30.Qe2 Ra3 31.g4 Nc4 32.Be1 b4 33.Rc1 b3 34.axb3 Rxb3 35.gxf5 exf5 36.Qd3 Qe6
37.Bf2 a5 38.Rc2 a4 39.Ke2 a3 40.h4 Rb2 41.Rxb2 axb2 42.Qb1 Qa6 43.Kd3 Qb6  0-1

[Event "Las Palmas"]
[Site "Las Palmas"]
[Date "1972.??.??"]
[Round "12"]
[White "Dominguez Sanz, Juan P"]
[Black "Medina Garcia, Antonio Angel"]
[Result "0-1"]
[WhiteElo "2200"]
[BlackElo "2380"]

1.e4 e5 2.Nf3 Nc6 3.Bb5 a6 4.Ba4 d6 5.c3 Bd7 6.d4 Nge7 7.O-O Ng6 8.Re1 Be7
9.Nbd2 O-O 10.Nf1 Bg4 11.d5 Nh4 12.Ne3 Bxf3 13.gxf3 Nb8 14.Kh1 Nd7 15.Rg1 Nf6
16.Bc2 Nh5 17.Nf5 Bf6 18.Ng3 Nf4 19.Bxf4 exf4 20.Nh5 Be5 21.Rg4 g5 22.Qf1 Kh8
23.Qh3 Rg8 24.Rgg1 Qc8 25.Qg4 f6 26.Bd3 Rg6 27.Bf1 Rh6 28.Qxc8+ Rxc8 29.Bh3 Re8
30.Bg4 Kg8 31.Rge1 Kf7 32.h3 Kg6 33.Rad1 Rxh5 34.Bxh5+ Kxh5 35.Rd3 Kg6 36.b4 a5
37.Rb1 Ra8 38.a4 h5 39.Kg1 axb4 40.Rxb4 b6 41.Kf1 f5 42.exf5+ Kxf5 43.Rc4 g4
44.hxg4+ hxg4 45.fxg4+ Kxg4 46.Ke2 Ra5 47.Kd2 b5 48.axb5 Rxb5 49.Kc2 Nf3
50.Rd1 Ra5 51.Kb2 Ng5 52.Rd3 Ra7 53.Kb3 Ra1 54.Rxc7 Rf1 55.Re7 Kf5 56.Rd2 Ne4
57.Re2 Nxf2 58.c4 Nd3 59.Ka4 f3 60.Re3  0-1

[Event "Las Palmas"]
[Site "Las Palmas"]
[Date "1972.??.??"]
[Round "14"]
[White "Dominguez Sanz, Juan P"]
[Black "Gheorghiu, Florin"]
[Result "0-1"]
[WhiteElo "2200"]
[BlackElo "2520"]

1.d4 Nf6 2.c4 c5 3.Nf3 cxd4 4.Nxd4 e6 5.Nc3 Bb4 6.Qc2 Nc6 7.e3 O-O 8.Be2 d5
9.a3 Be7 10.Nf3 dxc4 11.Bxc4 a6 12.O-O b5 13.Rd1 Qb6 14.Be2 Bb7 15.b4 Rfc8
16.Bb2 a5 17.bxa5 Nxa5 18.Rd4 Nd5 19.Nxd5 Bxd5 20.Qd1 Nc4 21.Bxc4 bxc4 22.Bc3 Bf6
23.e4 Bxe4 24.Rxe4 Bxc3 25.Rb1 Qc6 26.Qc2 Bf6 27.g4 h6 28.Rb4 c3 29.h4 g6
30.g5 hxg5 31.hxg5 Bg7 32.a4 Rab8 33.Rbc4 Qxc4 34.Rxc4 Rxc4 35.Ne1 Rb2 36.Qd3 Rd4
37.Qe3 Rb1 38.Kg2 Rxe1 39.Qxe1 c2  0-1

[Event "Las Palmas"]
[Site "Las Palmas"]
[Date "1972.??.??"]
[Round "15"]
[White "Medina Garcia, Antonio Angel"]
[Black "Valcarcel, J."]
[Result "1-0"]
[WhiteElo "2380"]
[BlackElo "2200"]

1.e4 d6 2.Nc3 g6 3.g3 Bg7 4.Bg2 e5 5.d3 Nf6 6.f4 c6 7.Nf3 Nbd7 8.O-O O-O
9.Kh1 Re8 10.Be3 Ng4 11.Bg1 exf4 12.gxf4 f5 13.Qd2 Nb6 14.Rae1 Bd7 15.a4 a5
16.b3 Qc7 17.Nd1 d5 18.e5 c5 19.h3 Nh6 20.d4 c4 21.Ne3 Nf7 22.Bf2 Be6 23.Rg1 Bh6
24.Bg3 Bf8 25.Rb1 Rec8 26.Qe2 Qd7 27.h4 h5 28.Be1 Bh6 29.Bg3 Kh7 30.Nd1 Rc7
31.Ne1 Nd8 32.Bf3 Nc6 33.Qg2 Rg8 34.Qd2 Qe7 35.Nc3 cxb3 36.cxb3 Na7 37.Nd3 Rgc8
38.Rbc1 Bf8 39.Nc5 Qf7 40.Bf2 Be7 41.Rg2 Rg8 42.Rcg1 Kh6 43.Kh2 Bf8 44.Qe2 Rg7
45.Kh1 Rc6 46.Qd2 Rc7 47.Be3 Qe7 48.Rg5 Bf7 49.Qg2 Qd8 50.e6 Be8 51.Ne2 Qf6
52.Nc1 Nc6 53.N1d3 Nxd4 54.Qb2 Bxc5 55.Nxc5 Rxc5 56.Bxd4 Qe7 57.Bxc5 Qxc5
58.Rxh5+  1-0

[Event "Las Palmas"]
[Site "Las Palmas"]
[Date "1972.??.??"]
[Round "15"]
[White "Huguet, Bernard"]
[Black "Menvielle Lacourrelle, Augusto"]
[Result "1-0"]
[WhiteElo "2255"]
[BlackElo "2365"]

1.e4 Nf6 2.e5 Nd5 3.c4 Nb6 4.c5 Nd5 5.Nc3 Nxc3 6.dxc3 e6 7.Qg4 Nc6 8.Nf3 d6
9.Bb5 Bd7 10.cxd6 cxd6 11.exd6 Qa5 12.Bxc6 bxc6 13.O-O e5 14.Qe4 f6 15.Rd1 Rb8
16.b4 Qa4 17.Be3 Be6 18.Bc5 Kd7 19.c4 g6 20.Nd2 Bh6 21.Nb3 Bf5 22.Qe2 Ke8
23.Be3 Bxe3 24.Qxe3 Rxb4 25.d7+ Kd8 26.Qh6 Kc7 27.d8=Q+ Rxd8 28.Rxd8 Rxb3
29.Rdd1 Rd3 30.Rxd3 Bxd3 31.Qg7+ Kb6 32.Qxf6 e4 33.Qd4+ Ka6 34.f3 Qc2 35.fxe4 Bxe4
36.Qf2 Qxc4 37.Re1 Bd5 38.Qe2 Kb5 39.Qxc4+ Kxc4 40.Re3 Kd4 41.Ra3 c5 42.Rxa7 c4
43.Kf2 h5 44.Rd7 Kc5 45.Rxd5+ Kxd5 46.Ke3 g5 47.Kd2 g4 48.a4 Kc5 49.Kc3 h4
50.a5 g3 51.hxg3 hxg3 52.a6 Kb6 53.Kxc4 Kxa6 54.Kd4 Kb5 55.Ke4 Kc5 56.Kf4 Kd5
57.Kxg3 Ke5 58.Kh4 Kf5 59.Kh5 Kf6 60.g4  1-0